|
|
|
|
| LEADER |
01299pam a22003017i 4500 |
| 001 |
4734400 |
| 003 |
GR-PaULI |
| 005 |
20210117210436.0 |
| 008 |
170904s1984 us f 001 0 eng d |
| 952 |
|
|
|0 0
|1 0
|2 ddc
|4 0
|6 848_000000000000000_RAB_BAK
|7 0
|9 214710
|a THST
|b THST
|d 2017-09-04
|i 007182
|l 0
|o 848 RAB BAK
|p 025000199520
|r 2017-09-04 00:00:00
|y BK15
|
| 999 |
|
|
|c 130478
|d 130478
|
| 010 |
|
|
|a 84047792
|
| 020 |
|
|
|a 0253348307
|
| 020 |
|
|
|a 0253203414 (pbk.)
|
| 040 |
|
|
|a DLC
|c DLC
|d DLC
|d GR-PaULI
|b gre
|e AACR2
|
| 041 |
1 |
|
|a engrus
|
| 082 |
0 |
0 |
|a 848
|2 23
|
| 100 |
1 |
|
|a Bakhtin, M. M.
|q (Mikhail Mikhailovich),
|d 1895-1975.
|e συγγραφέας
|9 45740
|
| 245 |
1 |
0 |
|a Rabelais and his world /
|c by Mikhail Bakhtin ; translated by Hélène Iswolsky.
|
| 250 |
|
|
|a 1st Midland book ed.
|
| 260 |
|
|
|a Bloomington :
|b Indiana University Press,
|c c1984.
|
| 300 |
|
|
|a xxiii, 484 σ. ;
|c 22 εκ.
|
| 500 |
|
|
|a Τίτλος πρωτοτύπου : Tvorchestvo Fransua Rable i narodnai︠a︡ kulʹtura srednevekovʹi︠a︡ i Renessansa.
|
| 500 |
|
|
|a Περιλαμβάνει ευρετήριο.
|
| 600 |
1 |
4 |
|9 163892
|a Rabelais, Francois,
|d π. 1490-1553;
|x Ερμηνεία και κριτική.
|
| 650 |
|
4 |
|9 32133
|a Πολιτισμός, Μεσαιωνικός
|
| 942 |
|
|
|2 ddc
|c BK15
|
| 998 |
|
|
|c ΜΑΝΙΑ
|d 2017-09
|